<?xml version="1.0" encoding="UTF-8"?>
<record
    xmlns:xsi="http://www.w3.org/2001/XMLSchema-instance"
    xsi:schemaLocation="http://www.loc.gov/MARC21/slim http://www.loc.gov/standards/marcxml/schema/MARC21slim.xsd"
    xmlns="http://www.loc.gov/MARC21/slim">

  <leader>00690cam a2200253   4500</leader>
  <datafield tag="999" ind1=" " ind2=" ">
    <subfield code="c">7280</subfield>
    <subfield code="d">7280</subfield>
  </datafield>
  <controlfield tag="001">605329</controlfield>
  <controlfield tag="003">YEEZEN</controlfield>
  <controlfield tag="005">20220816111546.0</controlfield>
  <controlfield tag="008">180821s2018    ch     g      000 fdchi d</controlfield>
  <datafield tag="020" ind1=" " ind2=" ">
    <subfield code="a">9789864892655</subfield>
    <subfield code="q">(&#x5E73;&#x88DD;) :</subfield>
    <subfield code="c">&#x65B0;&#x81FA;&#x5E63;310&#x5143;</subfield>
  </datafield>
  <datafield tag="040" ind1=" " ind2=" ">
    <subfield code="a">TWNTU</subfield>
    <subfield code="b">chi</subfield>
    <subfield code="e">ccr</subfield>
    <subfield code="c">.</subfield>
  </datafield>
  <datafield tag="041" ind1="1" ind2=" ">
    <subfield code="a">chi</subfield>
    <subfield code="h">kor</subfield>
  </datafield>
  <datafield tag="042" ind1=" " ind2=" ">
    <subfield code="a">nbic</subfield>
  </datafield>
  <datafield tag="066" ind1=" " ind2=" ">
    <subfield code="c">$1</subfield>
  </datafield>
  <datafield tag="090" ind1=" " ind2=" ">
    <subfield code="a">862.57</subfield>
    <subfield code="b">4944</subfield>
  </datafield>
  <datafield tag="100" ind1="1" ind2=" ">
    <subfield code="a">&#x8D99;&#x5357;&#x67F1;</subfield>
  </datafield>
  <datafield tag="245" ind1="1" ind2="0">
    <subfield code="a">82&#x5E74;&#x751F;&#x7684;&#x91D1;&#x667A;&#x82F1; / </subfield>
    <subfield code="c">&#x8D99;&#x5357;&#x67F1;&#x8457; ; &#x5C39;&#x5609;&#x7384;&#x8B6F;</subfield>
  </datafield>
  <datafield tag="250" ind1=" " ind2=" ">
    <subfield code="a">&#x521D;&#x7248;</subfield>
  </datafield>
  <datafield tag="260" ind1=" " ind2=" ">
    <subfield code="a">&#x81FA;&#x5317;&#x5E02;</subfield>
    <subfield code="b">&#x6F2B;&#x904A;&#x8005;&#x6587;&#x5316;</subfield>
    <subfield code="c">2018.05.</subfield>
  </datafield>
  <datafield tag="300" ind1=" " ind2=" ">
    <subfield code="a">212&#x9762;</subfield>
    <subfield code="c">21&#x516C;&#x5206;</subfield>
  </datafield>
  <datafield tag="490" ind1="0" ind2=" ">
    <subfield code="a">Fiction&#x5C0F;&#x8AAA;</subfield>
    <subfield code="v">42.</subfield>
  </datafield>
  <datafield tag="500" ind1=" " ind2=" ">
    <subfield code="a">&#x8B6F;&#x81EA;: 82&#xB144;&#xC0DD; &#xAE40;&#xC9C0;&#xC601;</subfield>
  </datafield>
  <datafield tag="700" ind1="1" ind2=" ">
    <subfield code="a">&#x5C39;&#x5609;&#x7384;</subfield>
  </datafield>
  <datafield tag="740" ind1="0" ind2=" ">
    <subfield code="a">82&#xB144;&#xC0DD; &#xAE40;&#xC9C0;&#xC601;</subfield>
  </datafield>
  <datafield tag="830" ind1=" " ind2="0">
    <subfield code="a">Fiction&#x5C0F;&#x8AAA;</subfield>
    <subfield code="v">42.</subfield>
  </datafield>
  <datafield tag="942" ind1=" " ind2=" ">
    <subfield code="2">ccl</subfield>
    <subfield code="c">BOOK</subfield>
  </datafield>
  <datafield tag="952" ind1=" " ind2=" ">
    <subfield code="0">0</subfield>
    <subfield code="1">0</subfield>
    <subfield code="2">ccl</subfield>
    <subfield code="4">0</subfield>
    <subfield code="7">0</subfield>
    <subfield code="a">yeezen</subfield>
    <subfield code="b">yeezen</subfield>
    <subfield code="c">YEEZEN</subfield>
    <subfield code="d">2022-08-16</subfield>
    <subfield code="l">11</subfield>
    <subfield code="m">1</subfield>
    <subfield code="o">862.57</subfield>
    <subfield code="p">C02862</subfield>
    <subfield code="r">2025-12-22 00:00:00</subfield>
    <subfield code="s">2025-12-09</subfield>
    <subfield code="w">2022-08-16</subfield>
    <subfield code="y">BOOK</subfield>
    <subfield code="z">&#x5979;&#x6709;&#x8457;&#x90A3;&#x4E16;&#x4EE3;&#x5973;&#x751F;&#x7684;&#x83DC;&#x5E02;&#x5834;&#x540D;&#xFF0C;&#x751F;&#x9577;&#x65BC;&#x5E73;&#x51E1;&#x7684;&#x516C;&#x52D9;&#x54E1;&#x5BB6;&#x5EAD;&#xFF0C;&#x5927;&#x5B78;&#x5C31;&#x8B80;&#x4EBA;&#x6587;&#x79D1;&#x7CFB;&#xFF0C;&#x7562;&#x696D;&#x5F8C;&#x597D;&#x4E0D;&#x5BB9;&#x6613;&#x627E;&#x5230;&#x9084;&#x7B97;&#x5B89;&#x7A69;&#x7684;&#x5DE5;&#x4F5C;&#xFF0C;31&#x6B72;&#x548C;&#x5927;&#x5B78;&#x5B78;&#x9577;&#x7D50;&#x5A5A;&#xFF0C;&#x5A5A;&#x5F8C;&#x4E09;&#x5E74;&#x5169;&#x4EBA;&#x6709;&#x4E86;&#x5973;&#x5152;&#x3002;  &#x3000;&#x3000;&#x63A5;&#x8457;&#xFF0C;&#x5728;&#x773E;&#x4EBA;&#x300C;&#x7406;&#x6240;&#x7576;&#x7136;&#x300D;&#x7684;&#x671F;&#x5F85;&#x4E0B;&#xFF0C;&#x5979;&#x8FAD;&#x6389;&#x5DE5;&#x4F5C;&#x7576;&#x8D77;&#x5E73;&#x51E1;&#x7684;&#x5BB6;&#x5EAD;&#x4E3B;&#x5A66;&#x2026;&#x2026;  &#x3000;&#x3000;&#x67D0;&#x5929;&#xFF0C;&#x91D1;&#x667A;&#x82F1;&#x7684;&#x8B1B;&#x8A71;&#x548C;&#x884C;&#x52D5;&#x8B8A;&#x5F97;&#x7570;&#x5E38;&#x8D77;&#x4F86;&#xFF0C;&#x8207;&#x4E08;&#x592B;&#x8B1B;&#x8A71;&#x6642;&#xFF0C;&#x7528;&#x7684;&#x662F;&#x81EA;&#x5DF1;&#x6BCD;&#x89AA;&#x7684;&#x53E3;&#x543B;&#xFF0C;&#x6216;&#x8005;&#x5316;&#x8EAB;&#x6210;&#x5DF2;&#x7D93;&#x904E;&#x4E16;&#x7684;&#x5B78;&#x59CA;&#xFF0C;&#x812B;&#x53E3;&#x800C;&#x51FA;&#x9A5A;&#x4EBA;&#x4E4B;&#x8A9E;&#xFF1B;&#x5230;&#x91DC;&#x5C71;&#x5A46;&#x5BB6;&#x904E;&#x7BC0;&#x6642;&#xFF0C;&#x53C8;&#x6709;&#x5982;&#x81EA;&#x5DF1;&#x6BCD;&#x89AA;&#x4E0A;&#x8EAB;&#x822C;&#xFF0C;&#x4EE5;&#x300C;&#x89AA;&#x5BB6;&#x6BCD;&#x300D;&#x7684;&#x8EAB;&#x5206;&#x5411;&#x5A46;&#x5A46;&#x5410;&#x9732;&#x5167;&#x5FC3;&#x7684;&#x4E0D;&#x6EFF;&#x3002;  &#x3000;&#x3000;&#x6700;&#x5F8C;&#x4E08;&#x592B;&#x6C7A;&#x5B9A;&#x5E36;&#x5979;&#x63A5;&#x53D7;&#x5FC3;&#x7406;&#x8AEE;&#x5546;&#xFF0C;&#x5C31;&#x5728;&#x8207;&#x91AB;&#x5E2B;&#x7684;&#x5C0D;&#x8A71;&#x4E2D;&#xFF0C;&#x5979;&#x6162;&#x6162;&#x63ED;&#x9732;&#x51FA;&#x81EA;&#x5DF1;&#x7684;&#x4EBA;&#x751F;&#x6545;&#x4E8B;&#x2026;&#x2026;</subfield>
  </datafield>
</record>
